Model municipal traffic ordinance : as prepared for the National Conference on Street and Highway Safety in 1928 ... as prepared for the National Conference on Street and Highway Safety in 1928 ...
Descripción Física:
73 p. : il. col. ; 23 cm
MARC
| LEADER | 00000nam a2200000Ia 4500 | ||
|---|---|---|---|
| 001 | 23425 | ||
| 008 | 160829s1930 xx 000 0 cat d | ||
| 080 | |a C-3-391 | ||
| 245 | |a Model municipal traffic ordinance : |b as prepared for the National Conference on Street and Highway Safety in 1928 ... | ||
| 260 | |a Washington : |b [s.n.], |c 1930 | ||
| 300 | |a 73 p. : |b il. col. ; |c 23 cm | ||
| 590 | |a Prové del fons d'Obres Públiques | ||
| 650 | |a Circulació |x Dret i legislació |x Congressos |9 48830 | ||
| 650 | |a Seguretat viària |x Congressos |9 48829 | ||
| 901 | |a Arxiu | ||
| 942 | |n 1 | ||
| 952 | |0 0 |1 0 |4 0 |6 C3391 |7 1 |9 54888 |a Arxiu |b Arxiu |d 2012-04-05 |l 0 |o C-3-391 |p 23425 |r 2016-12-01 00:00:00 |w 2016-12-01 |y ARXIU | ||
| 999 | |c 58758 |d 58758 | ||